Normal view
MARC view
- كشك، عبد الحميد
Entry Personal Name
001 - CONTROL NUMBER
- control field: 18416
003 - CONTROL NUMBER IDENTIFIER
- control field: JO-AjAnu
005 - DATE AND TIME OF LATEST TRANSACTION
- control field: 20230606073232.0
008 - FIXED-LENGTH DATA ELEMENTS
- fixed length control field: 230606|| aca||aabn | a|a d
040 ## - CATALOGING SOURCE
- Original cataloging agency: JO-AjAnu
- Transcribing agency: JO-AjAnu
100 ## - HEADING--PERSONAL NAME
- Personal name: كشك، عبد الحميد
670 ## - SOURCE DATA FOUND
- Source citation: Work cat.: (JO-AjAnu)9453: كشك، عبد الحميد, author, فتاوى الشيخ كشك:هموم المسلم اليومية، ج2